‘E’ Medical Terms Quiz Stats

 Plays Quiz Updated May 26, 2020

Support Sporcle.
Go Orange.
Score 0/20 Timer 10:00
1 Play Today
% Correct
Eye
92%
Euthanasia
89.3%
Eczema
84.7%
Esophagus
82.2%
Embolism
81.3%
Ear
81%
Erythrocytes
78.3%
Extubation
72%
Edema
71.1%
Episiotomy
69.8%
% Correct
Emesis
53.1%
Eructation
50.2%
Epistaxis
41.8%
Erythema
39.5%
Epiphysis
38.9%
Ectopia
35.2%
Empyema
33.2%
Equinovarus
32%
Ependyma
31.4%
Ectropion
28.6%

You're not logged in!

Compare scores with friends on all Sporcle quizzes.
OR
Log In
Forgot?

From the Vault

Soccer Players Venn Diagram

by chaosBEE

We hope you get a kick out of this quiz.
Remove Ads.
Support Sporcle.
Get the best of Sporcle when you Go Orange. This ad-free experience offers more features, more stats, and more fun while also helping to support Sporcle. Thank you for becoming a member.

Show Comments

Extras

Top Quizzes Today


Score Distribution

Your Account Isn't Verified!

In order to create a playlist on Sporcle, you need to verify the email address you used during registration. Go to your Sporcle Settings to finish the process.

Report this User

Report this user for behavior that violates our Community Guidelines.

Details: